00516nam a2200181Ia 450000500170000000800410001708200130005810000150007124500390008626000540012530000120017965000110019165000080020265000080021094200060021895200950022499900150031920240614021728.0240331s9999 xx 000 0 und d bSATa346 aSathe, S.P 0aTowards gender justicecS.P. Sathe aBombaybResearch Centre for Women's Studiesc1993 a88 p ., aGender aLaw asex cL 001040708LaWERCLbWERCLcSSCd2024-03-31l0o 346 SATp5010r2024-03-31w2024-03-31yL c2809d2809